00316nam a22001217a 45000050016000000200010000160350013000260370013000391000023000522450056000752600044001313000019001752012053106016.0 c20.00 aA-294407 aDPLbENG aDesai, S.Y. Thakur aGeneral laws and procedures /cby S.Y. Thakur Desai aBombaybHimalaya Publishing Housec1987 a109p.c18 cms.